Asian Countries with a Map - Statistics

General Stats
  • This quiz has been taken 24 times
  • The average score is 42 of 48
Answers on the Map
Answers color-coded by a green-red scale on the quiz's map according to % correct below.
 
Answer Stats
Answer % Correct
China
100%
India
100%
Iran
94%
Iraq
94%
Japan
94%
Kazakhstan
94%
Philippines
94%
Afghanistan
88%
Armenia
88%
Bangladesh
88%
Cyprus
88%
Georgia
88%
Indonesia
88%
Israel
88%
Jordan
88%
Laos
88%
Mongolia
88%
North Korea
88%
Oman
88%
Pakistan
88%
Qatar
88%
Saudi Arabia
88%
Singapore
88%
South Korea
88%
Thailand
88%
Turkey
88%
Turkmenistan
88%
United Arab Emirates
88%
Uzbekistan
88%
Yemen
88%
Azerbaijan
82%
Bahrain
82%
Bhutan
82%
East Timor
82%
Kuwait
82%
Kyrgyzstan
82%
Lebanon
82%
Malaysia
82%
Maldives
82%
Myanmar
82%
Nepal
82%
Sri Lanka
82%
Syria
82%
Taiwan
82%
Tajikistan
82%
Vietnam
82%
Brunei
76%
Cambodia
76%
No matching quizzes found
Score Distribution
Percent of People with Each Score
Percentile by Number Answered
Your Score History
You have not taken this quiz